000 00474nam a2200181Ia 4500
001 11109
005 20260306161922.0
008 260306t1964||||xx |||||||||||||| ||spa||
041 _aESP
082 _a985.009
_bB141J
100 _aAlva Orlandini, Hernán
_eAUT
245 0 _aBiblioteca hombres del Perú:
_bManuel L. de Vidaurre; Mateo Pumacahua
260 _c1964
300 _a144 páginas :
_c19 cm.
650 _aGEN
654 _aCHU
942 _cLIB
_dJUS
_fJUS
_2ddc
_n
999 _c11109
_d11109